000 00415 a2200133 4500
003 OSt
005 20260209171315.0
008 260209b |||||||| |||| 00| 0 eng d
100 _aगोडबोले अ
245 _aअसे आहेत सावरकर
260 _bभारतीय विचार साधना प्रकाशन
_c2005
_aपुणे
300 _a96pp.
942 _cBK
_2ddc
999 _c370103
_d370103